000 00562nam a22002057a 4500
003 MPLRDC
005 20220105061155.0
008 210129b ||||| |||| 00| 0 eng d
020 _a978-986-6141-96-6
082 _a177 SM v.17
100 _a水淼
245 _a我要我的未来不只好一点
_c
250 _a初版一刷
260 _a台湾
_b出色文化出版事业群·好的文化
_c2014
300 _b
490 _a20几岁,就定位: 17
520 _a新书上架 2018-10-16。
650 _a应用心理学
942 _cBK
_o177 SM v.17
999 _c69921
_d69911